Sports Quiz

Random Sports or City Quiz

Teams without their city in their name Quiz Stats

 Plays Quiz not verified by Sporcle

Challenge
Share
Tweet
Embed
Score 0/29 Timer 06:00
0 Plays Today
Sport Team % Correct
NFLNew York Giants
82.6%
NFLNew England Patriots
82.2%
NFLNew York Jets
82.1%
NFLCarolina Panthers
75.6%
NHLFlorida Panthers
71.7%
NFLArizona Cardinals
70.1%
MLBTexas Rangers
69%
NFLMinnesota Vikings
63.9%
NFLTennessee Titans
61.3%
NFLWashington Redskins
58.1%
NBAGolden State Warriors
57.9%
MLBMinnesota Twins
56.3%
MLBColorado Rockies
52.8%
MLBArizona Diamondbacks
50.9%
NBANew Jersey Nets
49.3%
Sport Team % Correct
NHLMinnesota Wild
48.9%
NFLDallas Cowboys
46.7%
NBAMinnesota Timberwolves
45.6%
NBAUtah Jazz
43.3%
NHLColorado Avalanche
43.2%
NHLNew Jersey Devils
42.2%
NHLCarolina Hurricanes
40.5%
NHLNew York Islanders
39.9%
NFLBuffalo Bills
38.7%
NBAIndiana Pacers
36.2%
NFLMiami Dolphins
35.9%
MLBTampa Bay Rays
33.6%
NBADetroit Pistons
29.6%
NHLPhoenix Coyotes
21.5%

You're not logged in!

Compare scores with friends on all Sporcle quizzes.
OR
Log In

You Might Also Like...

Show Comments

Extras

Top Quizzes Today


Score Distribution

Your Account Isn't Verified!

In order to create a playlist on Sporcle, you need to verify the email address you used during registration. Go to your Sporcle Settings to finish the process.

Report this User

Report this user for behavior that violates our Community Guidelines.

Details: